| 000 | 00518nam a2200193Ia 4500 | ||
|---|---|---|---|
| 003 | OSt | ||
| 005 | 20240524115803.0 | ||
| 008 | 210210b1967 xxu||||| |||| 00| 0 eng d | ||
| 040 | _cAL | ||
| 041 | _aKannada | ||
| 082 | _aK894.3 GIRA | ||
| 100 |
_aGIRIJA NANDANA. _dಗಿರಿಜಾ ನಂದನ _9167408 |
||
| 245 |
_aAralida hu. _b ಅರಳಿದ ಹೂ |
||
| 260 |
_aBengaluru _bHamsadhvani Prakashana _c1967 |
||
| 300 | _aviii,189 | ||
| 690 |
_aKannada Fiction _9167409 |
||
| 906 | _a027128 | ||
| 942 |
_2ddc _cBK |
||
| 999 |
_c78428 _d78428 |
||